[Event "Milan Expo op"]
[Site "Milan"]
[Date "2015.06.21"]
[Round "2"]
[White "Radionov, Timur"]
[Black "Radionov, Deni"]
[Result "1-0"]
[WhiteElo "1884"]
[BlackElo "1461"]
[PlyCount "73"]
[EventDate "2015.06.20"]
[EventType "swiss"]
[EventRounds "9"]
[EventCountry "ITA"]
[SourceTitle "CBM 167 Extra"]
[Source "ChessBase"]
[SourceDate "2015.09.14"]
[SourceVersion "1"]
[SourceVersionDate "2015.09.14"]
[SourceQuality "1"]

1. e4 e5 2. Nf3 Nc6 3. d4 exd4 4. Bc4 Bc5 5. c3 Nf6 6. cxd4 Bb4+ 7. Bd2 Bxd2+ 8. Nbxd2 d5 9. exd5 Nxd5 10. 0-0 0-0 11. Rc1 Nb6 12. Bb3 Bg4 13. h3 Bh5 14. Rc5 Bg6 15. Qc1 Nxd4 16. Nxd4 Qxd4 17. Nf3 Qd8 18. Rd1 Qe8 19. Rxc7 Rc8 20. Rxc8 Qxc8 21. Ne5 Qxc1 22. Rxc1 Rc8 23. Rxc8+ Nxc8 24. Nxg6 hxg6 25. Kf1 Kf8 26. Ke2 f6 27. Kd3 Ke7 28. Bd5 b6 29. Kd4 Kd6 30. Bb7 Ne7 31. g4 Nc6+ 32. Bxc6 Kxc6 33. g5 fxg5 34. Ke5 Kd7 35. Kd5 a5 36. a4 Ke7 37. Kc6 1-0

[Event "Novokuznetsk SFO-ch U15"]
[Site "Novokuznetsk"]
[Date "2014.11.05"]
[Round "4"]
[White "Radionov, Deni"]
[Black "Petukhov, Georgiy"]
[Result "0-1"]
[WhiteElo "1468"]
[BlackElo "800"]
[PlyCount "114"]
[EventDate "2014.11.02"]
[EventType "swiss"]
[EventRounds "9"]
[EventCountry "RUS"]
[SourceTitle "CBM 163 Extra"]
[Source "ChessBase"]
[SourceDate "2014.12.23"]
[SourceVersion "1"]
[SourceVersionDate "2014.12.23"]
[SourceQuality "1"]

1. e4 e6 2. d4 d5 3. e5 c5 4. c3 Nc6 5. Nf3 Qb6 6. a3 cxd4 7. cxd4 Nge7 8. Nc3 Nf5 9. Na4 Qc7 10. Be2 a6 11. 0-0 b5 12. Nc3 Qb6 13. Be3 Nxe3 14. fxe3 Be7 15. b4 0-0 16. Qe1 Bd7 17. Nd1 a5 18. Rb1 axb4 19. axb4 Ra3 20. Nf2 Rxe3 21. Nd3 Nxd4 22. Qf2 Rxe2 23. Qxd4 Qxd4+ 24. Nxd4 Rd2 25. Rbd1 Rxd1 26. Rxd1 Rc8 27. Rb1 Rc3 28. Rb3 Rxb3 29. Nxb3 Kf8 30. Kf2 Ke8 31. Ke3 Kd8 32. Kd4 Kc7 33. Ndc5 Bxc5+ 34. Kxc5 f6 35. exf6 gxf6 36. g3 h5 37. h4 f5 38. Na5 Be8 39. Nb3 Kd7 40. Nd4 Ke7 41. Nf3 Kf6 42. Kd4 f4 43. gxf4 Kf5 44. Ke3 Kg4 45. Nd4 Bd7 46. Nf3 Bc8 47. Nd4 Kxh4 48. Nxb5 Kg3 49. Nd4 h4 50. Ne2+ Kg2 51. f5 exf5 52. Nf4+ Kg3 53. Ne2+ Kg4 54. b5 h3 55. Kf2 Bb7 56. b6 d4 57. Nxd4 h2 0-1

[Event "Prague Summer op 1st"]
[Site "Prague"]
[Date "2014.08.09"]
[Round "1"]
[White "Petras, Milan"]
[Black "Radionov, Deni"]
[Result "1-0"]
[WhiteElo "2046"]
[BlackElo "1602"]
[PlyCount "31"]
[EventDate "2014.08.09"]
[EventType "swiss"]
[EventRounds "9"]
[EventCountry "CZE"]
[SourceTitle "CBM 162 Extra"]
[Source "ChessBase"]
[SourceDate "2014.10.17"]
[SourceVersion "1"]
[SourceVersionDate "2014.10.17"]
[SourceQuality "1"]

1. e4 e5 2. Nf3 Nc6 3. Bc4 Bc5 4. d4 Nxd4 5. Nxe5 Ne6 6. Bxe6 fxe6 7. Qh5+ Ke7 8. Qf7+ Kd6 9. Bf4 Nh6 10. Nxd7+ Kc6 11. Qxe6+ Bd6 12. Ne5+ Kb6 13. Qb3+ Ka6 14. Qa4+ Kb6 15. Nc4+ Kc5 16. Be3# 1-0

[Event "Wch U12"]
[Site "Al Ain"]
[Date "2013.12.18"]
[Round "1"]
[White "Kevlishvili, Robby"]
[Black "Radionov, Deni"]
[Result "1-0"]
[WhiteElo "2070"]
[BlackElo "1642"]
[PlyCount "65"]
[EventDate "2013.12.18"]
[EventType "swiss"]
[EventRounds "11"]
[EventCountry "UAE"]
[SourceTitle "CBM 158 Extra"]
[Source "ChessBase"]
[SourceDate "2014.02.28"]
[SourceVersion "1"]
[SourceVersionDate "2014.02.28"]
[SourceQuality "1"]

1. e4 e5 2. Nf3 Nc6 3. Bb5 a6 4. Ba4 b5 5. Bb3 Nf6 6. 0-0 d6 7. c3 Be6 8. Re1 Bg4 9. d3 Be7 10. h3 Bxf3 11. Qxf3 0-0 12. Nd2 a5 13. a4 b4 14. Nf1 Rb8 15. Bc4 bxc3 16. bxc3 Nd7 17. Ng3 Bg5 18. Bxg5 Qxg5 19. Bb5 Rb6 20. Nf5 Ndb8 21. Ne3 Rb7 22. Rab1 g6 23. Qe2 Na7 24. Bc4 Rxb1 25. Rxb1 Nbc6 26. Rb7 Rc8 27. Qb2 Qd8 28. Qb3 Qf8 29. Bd5 Rb8 30. Bxf7+ Kg7 31. Bd5 Rxb7 32. Qxb7 Qb8 33. Bxc6 1-0